Štúdium biokompability modifikovaných nanovláknových vrstiev z biodegradovateľných polymérov, príppadne polyvinylalkoholu bakalárska práca

Gespeichert in:
Bibliographische Detailangaben
1. Verfasser: Petrovská, Martina
Format: Buch
Sprache:Slowakisch
Veröffentlicht: Bratislava STU FCHPT 2014
Online-Zugang:Im OPAC anzeigen
Tags: Tag hinzufügen
Keine Tags, Fügen Sie das erste Tag hinzu!

MARC

LEADER 00000nam a2200000 a 4500
005 20260127134241.0
008 141013 2014 000 0 slo d
035 |a vtls010627652 
039 9 |y 201410131347  |z mschk03 
040 |a STUSCHK1  |b slo  |c STUSCHK1  |e AACR2 
100 1 |a Petrovská, Martina 
245 1 |a Štúdium biokompability modifikovaných nanovláknových vrstiev z biodegradovateľných polymérov, príppadne polyvinylalkoholu  |b bakalárska práca  |c Martina Petrovská 
260 |a Bratislava  |b STU FCHPT  |c 2014 
300 |a 34 s.  |b il.  |c 30 cm 
500 |a Obhájené: 15.07.2014 
500 |a Štud. program: chémia, medicínska chémia a chemické materiály 
500 |a Štud. odbor: chémia, chemické technológie 
500 |a Školiace pracovisko: Oddelenie plastov a kaučuku 
500 |a Evid. číslo: FCHPT-13569-43561 
910 |a SCHK95 
999 |c 7867  |d 7867